Podnikateľský plán v priemyselnom podniku bakalárska práca

Na minha lista:
Detalhes bibliográficos
Autor principal: Vincentová, Martina
Autor Corporativo: Fakulta podnikového manažmentu EU. Katedra manažmentu
Outros Autores: Marsina, Štefan
Formato: Livro
Idioma:eslovaco
Publicado em: Bratislava 2011
Tags: Adicionar Tag
Sem tags, seja o primeiro a adicionar uma tag!

MARC

LEADER 00000nbm a2200000 4500
001 0140261
005 20161109111715.0
041 0 |a slo 
044 |a SK 
245 1 0 |a Podnikateľský plán v priemyselnom podniku  |b bakalárska práca  |c Martina Vincentová ; školiteľ: Štefan Marsina 
264 1 |a Bratislava  |c 2011 
300 |a 62 s. 
100 1 |a Vincentová, Martina 
700 1 |a Marsina, Štefan 
710 2 |a Fakulta podnikového manažmentu EU. Katedra manažmentu